00322pam a2200145a 44500008004100000020000900041041000800050082001000058100001400068245003100082250000600113260004100119300000700160650000900167230515b1988 xxu||||| |||| 00| 0 eng d aNULL aENG a613.2 aK C patel aDiet in Health and Disease a0 aNULLb"Dr K c patel, Bombay, "c1988 a65 aN.D.